000 01333nam a2200337 a 4500
001 MEB023260
003 SISC
005 20161109093738.0
008
020 _a9780323039635
020 _a9789814570275
040 _aUKM
_cUKM
_dBAKER
_dEEM
049 _aEEMR
_aQEMI
050 _aRJ 245
_b.H685 2016
100 1 _aHockenberry, Marilyn J.
245 1 0 _aWong's nursing care of infants and children /
_cMarilyn J. Hockenberry, David Wilson.
246 3 _aNursing care of infants and children.
250 _a1st Philippine edition /
_bMarilyn J. Hockenberry, David Wilson.
260 _aEdinburgh :
_bElsevier Mosby,
_c2016.
300 _axxv, 863 pages :
_billustrations ;
_c29 cm.
500 _aIncludes bibliographical references.
500 _aPrevious ed.: St. Louis, Mo.: London: Mosby, 2003.
500 _aAccompanied by 1 CD-ROM titled: Companion CD, containing interactive applications, NCLEX review questions, video clips, animations, critical thinking questions, case students, and assessment tools.
521 _aNursing
650 0 _aPediatric nursing.
700 1 _aWilson, David,
_d1950 Aug. 25-
700 1 _aWong, Donna L.,
_d1948-
942 _2lcc
_cBK
999 _c305195
_d305195